[Event "Schach Nienberge 1 - SG Ahaus-Wessum 1"]
[Site "Regionalliga 2017/2018"]
[Date "2017.12.02"]
[Round "4.1"]
[White "Wensing, Maximilian"]
[Black "Ringwelski, Marius"]
[Result "1-0"]
[WhiteElo "1945"]
[BlackElo "1937"]
[PlyCount "129"]
[EventDate "2017.??.??"]
[SourceTitle "Verband Muensterland"]
[SourceDate "2017.09.15"]
[SourceVersion "1"]
[SourceVersionDate "2017.09.15"]
[SourceQuality "1"]

1. e4 e5 2. Nf3 Nc6 3. Bc4 Bc5 4. O-O Nf6 5. d3 d6 6. c3 O-O 7. Nbd2 Bb6 8. Bb3
Ne7 9. h3 c6 10. Re1 Ng6 11. d4 Qe7 12. Bc2 Nh5 13. Nxe5 dxe5 14. Qxh5 exd4 15.
cxd4 Bxd4 16. Nf3 Bb6 17. Bb3 Qc5 18. Qxc5 Bxc5 19. Be3 Bxe3 20. Rxe3 Nf4 21.
Rd1 a5 22. Ng5 Ne6 23. Nxe6 Bxe6 24. Bxe6 fxe6 25. Red3 Ra6 26. Rb3 b5 27. Rd6
b4 28. Rbd3 Rf6 29. e5 Rf5 30. Rxe6 Kf7 31. Rdd6 a4 32. g4 Rf3 33. Rxc6 Rxc6
34. Rxc6 a3 35. b3 Rxh3 36. Rb6 Rc3 37. Rxb4 Rc2 38. Ra4 Rxa2 39. Ra6 Ra1+ 40.
Kg2 a2 41. f4 g6 42. b4 Rb1 43. Rxa2 Rxb4 44. Ra7+ Ke6 45. Kg3 g5 46. Ra6+ Kd5
47. fxg5 Kxe5 48. g6 hxg6 49. Rxg6 Rb1 50. Kh4 Rh1+ 51. Kg5 Rh8 52. Rg7 Ra8 53.
Re7+ Kd6 54. Rg7 Ke6 55. Kg6 Ke5 56. g5 Ra6+ 57. Kh7 Kf5 58. g6 Ra1 59. Rf7+
Kg5 60. Rf2 Rh1+ 61. Kg7 Ra1 62. Rg2+ Kf5 63. Kg8 Kf6 64. g7 Rb1 65. Rh2 1-0

[Event "Schach Nienberge 1 - SG Ahaus-Wessum 1"]
[Site "Regionalliga 2017/2018"]
[Date "2017.12.02"]
[Round "4.2"]
[White "Gottkehaskamp, Philipp"]
[Black "Schulze Ameling, Hendrik"]
[Result "1-0"]
[WhiteElo "1972"]
[BlackElo "2004"]
[PlyCount "59"]
[EventDate "2017.??.??"]
[SourceTitle "Verband Muensterland"]
[SourceDate "2017.09.15"]
[SourceVersion "1"]
[SourceVersionDate "2017.09.15"]
[SourceQuality "1"]

1. Nf3 e6 2. g3 f5 3. Bg2 d5 4. O-O Nf6 5. d3 Be7 6. Nbd2 O-O 7. Qe1 Na6 8. a3
Nc5 9. b4 Na4 10. Nb3 Qe8 11. Bf4 c6 12. c4 dxc4 13. dxc4 Ne4 14. Nbd2 g5 15.
Be5 g4 16. Nd4 Ng5 17. f4 Nf7 18. c5 Nxe5 19. fxe5 Qd7 20. e3 Nc3 21. Nc4 Nd5
22. Rd1 b6 23. cxb6 Ba6 24. b5 cxb5 25. Nxe6 Qxe6 26. Bxd5 Qxd5 27. Rxd5 bxc4
28. b7 Rab8 29. Qa5 Bxb7 30. Rd7 1-0

[Event "Schach Nienberge 1 - SG Ahaus-Wessum 1"]
[Site "Regionalliga 2017/2018"]
[Date "2017.12.02"]
[Round "4.3"]
[White "Rosing, Hermann"]
[Black "Gottkehaskamp, Stefan"]
[Result "1/2-1/2"]
[WhiteElo "1969"]
[BlackElo "1971"]
[PlyCount "30"]
[EventDate "2017.??.??"]
[SourceTitle "Verband Muensterland"]
[SourceDate "2017.09.15"]
[SourceVersion "1"]
[SourceVersionDate "2017.09.15"]
[SourceQuality "1"]

1. e4 Nf6 2. e5 Nd5 3. d4 d6 4. Nf3 dxe5 5. Nxe5 c6 6. Bc4 Nd7 7. f4 Nxe5 8.
fxe5 Bf5 9. O-O e6 10. Bb3 Be7 11. c4 Nb6 12. Nc3 O-O 13. Be3 Bg5 14. Qe2 Bg6
15. Bf2 Bh4 1/2-1/2

[Event "Schach Nienberge 1 - SG Ahaus-Wessum 1"]
[Site "Regionalliga 2017/2018"]
[Date "2017.12.02"]
[Round "4.4"]
[White "Althoff, Franz"]
[Black "Diehlmann, Christian"]
[Result "1-0"]
[WhiteElo "1974"]
[BlackElo "1909"]
[PlyCount "77"]
[EventDate "2017.??.??"]
[SourceTitle "Verband Muensterland"]
[SourceDate "2017.09.15"]
[SourceVersion "1"]
[SourceVersionDate "2017.09.15"]
[SourceQuality "1"]

1. Nf3 d5 2. d4 c5 3. dxc5 Na6 4. e4 e6 5. exd5 exd5 6. Nc3 Nf6 7. Bg5 Nc7 8.
Bxf6 Qxf6 9. Nxd5 Qe6+ 10. Ne3 Bxc5 11. Bc4 Qb6 12. O-O O-O 13. Qd3 Be6 14. Ng5
g6 15. Bxe6 Nxe6 16. Nd5 Qxb2 17. Ne4 Rfd8 18. Ndf6+ Kg7 19. Qh3 h6 20. Rab1
Qe5 21. Rxb7 Nf4 22. Qxh6+ Kxh6 23. Ng4+ Kg7 24. Nxe5 Ne2+ 25. Kh1 Bd4 26.
Rxf7+ Kh6 27. Ng4+ Kh5 28. h3 g5 29. Ng3+ Nxg3+ 30. fxg3 Rab8 31. Rc7 Rb2 32.
Rc6 Bg7 33. Ne3 Rf8 34. g4+ Kh4 35. Rh6+ Kg3 36. Rxf8 Bxf8 37. Rf6 Rb1+ 38.
Nf1+ Kh4 39. Rxf8 1-0

[Event "Schach Nienberge 1 - SG Ahaus-Wessum 1"]
[Site "Regionalliga 2017/2018"]
[Date "2017.12.02"]
[Round "4.5"]
[White "Bauland, Thomas"]
[Black "Haas, Kai Markus"]
[Result "1/2-1/2"]
[WhiteElo "1870"]
[BlackElo "1927"]
[PlyCount "89"]
[EventDate "2017.??.??"]
[SourceTitle "Verband Muensterland"]
[SourceDate "2017.09.15"]
[SourceVersion "1"]
[SourceVersionDate "2017.09.15"]
[SourceQuality "1"]

1. d4 c5 2. dxc5 Na6 3. c6 bxc6 4. Nf3 Nf6 5. b3 g6 6. Bb2 Bg7 7. g3 O-O 8. Bg2
Rb8 9. O-O Bb7 10. Re1 d5 11. Nbd2 Qb6 12. e3 Rfd8 13. Ne5 c5 14. Qe2 Nb4 15.
Rec1 Rbc8 16. a3 Nc6 17. Nxc6 Bxc6 18. Rab1 Qb7 19. c3 e5 20. Bh3 Rc7 21. Rd1
Re7 22. b4 Ba4 23. Re1 Bb5 24. Qd1 Bd3 25. Rc1 c4 26. Bf1 e4 27. a4 a6 28. Nb1
Nd7 29. f4 Qc6 30. Na3 Qb6 31. Nc2 f5 32. Qd2 Qc6 33. Ra1 Nb6 34. a5 Nc8 35.
Nd4 Bxd4 36. exd4 Rde8 37. Re3 Nd6 38. Rae1 Kf7 39. Be2 Qd7 40. Bd1 Rg8 41. Qf2
h6 42. Kh1 Kg7 43. Bc1 Kh7 44. Rg1 Rf7 45. h4 1/2-1/2

[Event "Schach Nienberge 1 - SG Ahaus-Wessum 1"]
[Site "Regionalliga 2017/2018"]
[Date "2017.12.02"]
[Round "4.6"]
[White "Keller, Dirk"]
[Black "Woltering, Martin"]
[Result "1/2-1/2"]
[WhiteElo "1899"]
[BlackElo "1776"]
[PlyCount "54"]
[EventDate "2017.??.??"]
[SourceTitle "Verband Muensterland"]
[SourceDate "2017.09.15"]
[SourceVersion "1"]
[SourceVersionDate "2017.09.15"]
[SourceQuality "1"]

1. c4 e6 2. g3 f5 3. Bg2 Nf6 4. Nf3 Be7 5. O-O d6 6. Nc3 O-O 7. b4 a5 8. b5
Nbd7 9. Bb2 Qe8 10. d3 Nc5 11. Qc2 Qh5 12. e3 e5 13. d4 e4 14. Ne1 Ne6 15. Nd5
Bd8 16. f3 exf3 17. Nxf6+ Bxf6 18. Bxf3 Qg5 19. Ng2 Rb8 20. Qd2 b6 21. Bd5 Bd7
22. Nf4 Rbe8 23. Rae1 Kh8 24. Nxe6 Bxe6 25. Bc6 Bxc4 26. Rf4 Rd8 27. d5 Bxb2
1/2-1/2

[Event "Schach Nienberge 1 - SG Ahaus-Wessum 1"]
[Site "Regionalliga 2017/2018"]
[Date "2017.12.02"]
[Round "4.7"]
[White "Terdues, Guido"]
[Black "Kemper, Georg"]
[Result "0-1"]
[WhiteElo "1727"]
[BlackElo "1924"]
[PlyCount "92"]
[EventDate "2017.??.??"]
[SourceTitle "Verband Muensterland"]
[SourceDate "2017.09.15"]
[SourceVersion "1"]
[SourceVersionDate "2017.09.15"]
[SourceQuality "1"]

1. f4 d5 2. Nf3 Nf6 3. e3 g6 4. d4 Bg7 5. Bd3 O-O 6. O-O Ne4 7. Nbd2 Nd6 8. c4
Bf5 9. Qc2 c6 10. c5 Bxd3 11. Qxd3 Nf5 12. b4 Nd7 13. Ng5 e5 14. Bb2 h6 15. Nh3
exd4 16. exd4 Re8 17. Rae1 a5 18. g4 Ne7 19. a3 axb4 20. axb4 b6 21. Qc2 Qc8
22. Nf2 bxc5 23. bxc5 Ra2 24. Ra1 Rxa1 25. Rxa1 Qb8 26. Nd3 Kh7 27. h4 Ng8 28.
Kf2 Ngf6 29. Rg1 Ne4+ 30. Kf3 Ndf6 31. Ne5 Nxd2+ 32. Qxd2 Ne4 33. Qc2 Qb7 34.
Rc1 Rb8 35. Bc3 Bxe5 36. fxe5 Qb3 37. Ke2 Qc4+ 38. Qd3 Nxc3+ 39. Rxc3 Rb2+ 40.
Kf3 Qa2 41. Qf1 Rb1 42. Qf2 Qa1 43. Qe3 Rh1 44. Kf4 Rf1+ 45. Kg3 Rg1+ 46. Kf4
Qd1 0-1

[Event "Schach Nienberge 1 - SG Ahaus-Wessum 1"]
[Site "Regionalliga 2017/2018"]
[Date "2017.12.02"]
[Round "4.8"]
[White "Kipp, Lucas"]
[Black "Messelink, Gerrit"]
[Result "1-0"]
[WhiteElo "1878"]
[BlackElo "1802"]
[PlyCount "81"]
[EventDate "2017.??.??"]
[SourceTitle "Verband Muensterland"]
[SourceDate "2017.09.15"]
[SourceVersion "1"]
[SourceVersionDate "2017.09.15"]
[SourceQuality "1"]

1. e4 d6 2. d4 Nf6 3. Nc3 g6 4. Be3 Bg7 5. Qd2 Nbd7 6. h3 O-O 7. O-O-O c6 8. g4
b5 9. g5 b4 10. gxf6 bxc3 11. Qxc3 Nxf6 12. Bg2 Be6 13. Qa3 Rb8 14. Ne2 Rb5 15.
Nf4 Bd7 16. Bd2 c5 17. c4 Rb4 18. Bxb4 cxb4 19. Qf3 Qa5 20. Kb1 Nxe4 21. Nd5
Bf5 22. Nxe7+ Kh8 23. Nxf5 Nc3+ 24. bxc3 bxc3 25. Nxd6 Qb4+ 26. Kc2 Qb2+ 27.
Kd3 c2 28. Rc1 Qxd4+ 29. Kxc2 Qb2+ 30. Kd3 Rd8 31. Qd5 Qa3+ 32. Ke2 Qb2+ 33.
Kd3 Qa3+ 34. Ke2 Qb2+ 35. Qd2 Qe5+ 36. Qe3 Qxd6 37. Rhd1 Bd4 38. Rxd4 Qxd4 39.
Qxd4+ Rxd4 40. c5 Ra4 41. Rc2 1-0

[Event "SK Bocholt 1 - SK Münster 2"]
[Site "Regionalliga 2017/2018"]
[Date "2017.12.02"]
[Round "4.1"]
[White "Borrink, Jörn"]
[Black "Fuest, Martin"]
[Result "1/2-1/2"]
[WhiteElo "2104"]
[BlackElo "2140"]
[PlyCount "93"]
[EventDate "2017.??.??"]
[SourceTitle "Verband Muensterland"]
[SourceDate "2017.09.15"]
[SourceVersion "1"]
[SourceVersionDate "2017.09.15"]
[SourceQuality "1"]

1. e4 c6 2. d4 d5 3. e5 c5 4. c3 Nc6 5. Ne2 Bf5 6. Be3 Qb6 7. Qb3 c4 8. Qxb6
axb6 9. Nd2 e6 10. Ng3 Bg6 11. Be2 b5 12. O-O h5 13. a3 h4 14. Nh1 Nge7 15. g4
hxg3 16. fxg3 Nf5 17. Bf2 f6 18. g4 Nfe7 19. exf6 gxf6 20. Be3 Bg7 21. Ng3 Kd7
22. Rae1 Raf8 23. Rf2 Na7 24. Nf3 Nac8 25. h4 Nd6 26. h5 Ne4 27. Nxe4 Bxe4 28.
Nd2 Rfg8 29. Ref1 Bd3 30. Bxd3 cxd3 31. Nb3 b6 32. Nc1 Bh6 33. Bxh6 Rxg4+ 34.
Rg2 Rxg2+ 35. Kxg2 Rxh6 36. Nxd3 Nf5 37. Rh1 Ng7 38. a4 bxa4 39. Ra1 Rxh5 40.
Rxa4 Rg5+ 41. Kf2 Ne8 42. Ra7+ Nc7 43. Rb7 Kc6 44. Rb8 b5 45. Rf8 Rf5+ 46. Ke2
Kd6 47. Rf7 1/2-1/2

[Event "SK Bocholt 1 - SK Münster 2"]
[Site "Regionalliga 2017/2018"]
[Date "2017.12.02"]
[Round "4.2"]
[White "Liesmann, Karsten"]
[Black "Austrup, David"]
[Result "1/2-1/2"]
[WhiteElo "1998"]
[BlackElo "1978"]
[PlyCount "47"]
[EventDate "2017.??.??"]
[SourceTitle "Verband Muensterland"]
[SourceDate "2017.09.15"]
[SourceVersion "1"]
[SourceVersionDate "2017.09.15"]
[SourceQuality "1"]

1. d4 Nf6 2. Nf3 g6 3. Nc3 d5 4. Bf4 Bg7 5. e3 O-O 6. Be2 c5 7. Ne5 Nc6 8. O-O
cxd4 9. exd4 Qb6 10. Nxc6 bxc6 11. Na4 Qa5 12. c3 Nd7 13. b4 Qd8 14. Nc5 Nxc5
15. bxc5 Qa5 16. Qb3 Re8 17. Bd3 e5 18. Rfe1 Bd7 19. Bxe5 Bxe5 20. Rxe5 Rxe5
21. dxe5 Qxc5 22. Qb7 Rd8 23. Qb4 Qb6 24. Rb1 1/2-1/2

[Event "SK Bocholt 1 - SK Münster 2"]
[Site "Regionalliga 2017/2018"]
[Date "2017.12.02"]
[Round "4.3"]
[White "Meyer, Ulrich"]
[Black "Hunhoff, Sebastian"]
[Result "1-0"]
[WhiteElo "1963"]
[BlackElo "1951"]
[PlyCount "41"]
[EventDate "2017.??.??"]
[SourceTitle "Verband Muensterland"]
[SourceDate "2017.09.15"]
[SourceVersion "1"]
[SourceVersionDate "2017.09.15"]
[SourceQuality "1"]

1. d4 Nf6 2. Bg5 d5 3. Bxf6 exf6 4. e3 Bd6 5. c4 dxc4 6. Bxc4 O-O 7. Ne2 c5 8.
Nbc3 Nc6 9. O-O cxd4 10. Nxd4 Nxd4 11. Qxd4 Qc7 12. Nb5 Bxh2+ 13. Kh1 Qb8 14.
f4 Bg3 15. Qd1 a6 16. Nd4 b5 17. Bd5 Bb7 18. Bxb7 Qxb7 19. Qg4 Bxf4 20. Rxf4
Rae8 21. Nf5 1-0

[Event "SK Bocholt 1 - SK Münster 2"]
[Site "Regionalliga 2017/2018"]
[Date "2017.12.02"]
[Round "4.4"]
[White "Steiner, Karl"]
[Black "Quante, Lennart"]
[Result "0-1"]
[WhiteElo "1926"]
[BlackElo "1994"]
[PlyCount "54"]
[EventDate "2017.??.??"]
[SourceTitle "Verband Muensterland"]
[SourceDate "2017.09.15"]
[SourceVersion "1"]
[SourceVersionDate "2017.09.15"]
[SourceQuality "1"]

1. d4 Nf6 2. c4 g6 3. f3 d5 4. cxd5 Nxd5 5. e4 Nb6 6. Nc3 Bg7 7. Be3 O-O 8. Qd2
Nc6 9. d5 Ne5 10. b3 f5 11. Bh6 Bxh6 12. Qxh6 fxe4 13. fxe4 Ng4 14. Qh4 Qd6 15.
Nf3 Qc5 16. Kd2 c6 17. Re1 cxd5 18. exd5 Rxf3 19. gxf3 Qd4+ 20. Bd3 Bf5 21. Ne4
Qb2+ 22. Kd1 Rc8 23. Bc4 Nxc4 24. bxc4 Qd4+ 25. Kc1 Rxc4+ 26. Kb1 Rb4+ 27. Kc2
Qb2+ 0-1

[Event "SK Bocholt 1 - SK Münster 2"]
[Site "Regionalliga 2017/2018"]
[Date "2017.12.02"]
[Round "4.5"]
[White "Kaufhold, Thomas"]
[Black "Gajic, Goran"]
[Result "1-0"]
[WhiteElo "2000"]
[BlackElo "1946"]
[PlyCount "89"]
[EventDate "2017.??.??"]
[SourceTitle "Verband Muensterland"]
[SourceDate "2017.09.15"]
[SourceVersion "1"]
[SourceVersionDate "2017.09.15"]
[SourceQuality "1"]

1. d4 d5 2. Nf3 e6 3. c4 c6 4. e3 Nf6 5. Nc3 Be7 6. Bd3 Nbd7 7. O-O Qc7 8. b3
e5 9. cxd5 cxd5 10. Nb5 Qb8 11. dxe5 Nxe5 12. Bb2 Nxf3+ 13. Qxf3 Bg4 14. Qf4
Qxf4 15. exf4 O-O 16. Rfe1 Bb4 17. Re3 Bd2 18. Re7 Nd7 19. h3 Nc5 20. Bf1 Be6
21. Nc7 Rac8 22. Rd1 Bxf4 23. Nxe6 Nxe6 24. Rxb7 Rc2 25. Ba3 Rd8 26. Be7 Ra8
27. a4 d4 28. Bc4 Be5 29. g3 Nd8 30. Bxd8 Rxd8 31. Rxa7 Rf8 32. Rd7 g5 33. Rd5
Bf6 34. a5 Ra2 35. a6 Kg7 36. Kg2 h5 37. Rd3 Rc8 38. Rd7 Rxc4 39. bxc4 Rxa6 40.
Rb3 Rc6 41. Rbb7 Rxc4 42. Rxf7+ Kg6 43. Rfc7 Ra4 44. Rc6 Ra5 45. g4 1-0

[Event "SK Bocholt 1 - SK Münster 2"]
[Site "Regionalliga 2017/2018"]
[Date "2017.12.02"]
[Round "4.6"]
[White "Hunhoff, Andreas"]
[Black "Kubo, Thomas"]
[Result "1/2-1/2"]
[WhiteElo "1813"]
[BlackElo "1958"]
[PlyCount "96"]
[EventDate "2017.??.??"]
[SourceTitle "Verband Muensterland"]
[SourceDate "2017.09.15"]
[SourceVersion "1"]
[SourceVersionDate "2017.09.15"]
[SourceQuality "1"]

1. f4 c5 2. Nf3 Nc6 3. e3 g6 4. Be2 Bg7 5. c4 Nf6 6. O-O O-O 7. Nc3 d5 8. d3 d4
9. exd4 Nxd4 10. Ne5 Nd7 11. Ng4 b6 12. Bf3 Rb8 13. Rb1 Nxf3+ 14. Qxf3 Bb7 15.
Qe2 e6 16. Be3 Qe7 17. Bf2 Rbd8 18. Rbd1 h5 19. Ne5 Qf6 20. Bg3 h4 21. Be1 Nxe5
22. fxe5 Qxe5 23. Qxe5 Bxe5 24. Bxh4 Rd4 25. Bf2 Rg4 26. g3 Rd8 27. Be3 Kg7 28.
Ne2 Rh8 29. d4 cxd4 30. Bxd4 Bxd4+ 31. Nxd4 Re4 32. b3 e5 33. Nf3 Re2 34. Rd7
Rhxh2 35. Rxf7+ Kxf7 36. Nxh2+ Ke6 37. Rf2 Re1+ 38. Rf1 Re2 39. Rf2 Re1+ 40.
Rf1 Rxf1+ 41. Nxf1 Kf5 42. Kf2 Ke4 43. Ke2 Bc8 44. Nd2+ Kf5 45. Ke3 Bb7 46. b4
Kg4 47. Ne4 Ba6 48. c5 bxc5 1/2-1/2

[Event "SK Bocholt 1 - SK Münster 2"]
[Site "Regionalliga 2017/2018"]
[Date "2017.12.02"]
[Round "4.7"]
[White "Emunds, Hans Georg"]
[Black "Böing, Frank"]
[Result "1/2-1/2"]
[WhiteElo "2100"]
[BlackElo "1821"]
[PlyCount "59"]
[EventDate "2017.??.??"]
[SourceTitle "Verband Muensterland"]
[SourceDate "2017.09.15"]
[SourceVersion "1"]
[SourceVersionDate "2017.09.15"]
[SourceQuality "1"]

1. e4 e6 2. d4 d5 3. Nd2 Nf6 4. e5 Nfd7 5. c3 c5 6. Bd3 Nc6 7. Ne2 Qb6 8. Nf3
cxd4 9. cxd4 Bb4+ 10. Kf1 Be7 11. b3 f6 12. exf6 Nxf6 13. h3 O-O 14. Be3 Bd7
15. Ne5 Rad8 16. Kg1 Nb4 17. Bb1 Qc7 18. a3 Nc6 19. f4 a6 20. Bd3 Na7 21. b4
Bb5 22. Rc1 Qb6 23. Bb1 Nc8 24. Nc3 Be8 25. Na4 Bxa4 26. Qxa4 Nd6 27. Kh2 Qa7
28. Rc7 Rfe8 29. Nc6 Qb6 30. Nxe7+ 1/2-1/2

[Event "SK Bocholt 1 - SK Münster 2"]
[Site "Regionalliga 2017/2018"]
[Date "2017.12.02"]
[Round "4.8"]
[White "Robeling, Stephan"]
[Black "Kamp, Aaron"]
[Result "1-0"]
[WhiteElo "1800"]
[BlackElo "1715"]
[PlyCount "77"]
[EventDate "2017.??.??"]
[SourceTitle "Verband Muensterland"]
[SourceDate "2017.09.15"]
[SourceVersion "1"]
[SourceVersionDate "2017.09.15"]
[SourceQuality "1"]

1. d4 Nf6 2. Nf3 g6 3. h3 Bg7 4. Bf4 O-O 5. c4 c5 6. e3 cxd4 7. exd4 Nc6 8. Nc3
Nh5 9. Be3 d6 10. Be2 Nf6 11. O-O Bf5 12. Nh4 Bd7 13. Nf3 Ne8 14. a3 f5 15. d5
Ne5 16. Bd4 Qc8 17. b3 f4 18. Ne4 Bf5 19. Bxe5 dxe5 20. Bd3 Nd6 21. Re1 Nxe4
22. Bxe4 Bxe4 23. Rxe4 e6 24. d6 Qc6 25. Qd3 Rad8 26. Rd1 Rxd6 27. Qxd6 Qxe4
28. Qxe6+ Kh8 29. Rd7 Qb1+ 30. Kh2 Qxb3 31. Qe7 Rg8 32. Nxe5 h6 33. Nxg6+ Kh7
34. Nf8+ Kh8 35. Ne6 Qb6 36. Rd8 Be5 37. Rxg8+ Kxg8 38. Qf8+ Kh7 39. Qf5+ 1-0